Văn học vô sản Nhật Bản qua một số tác phẩm tiêu biểu /

保存先:
書誌詳細
第一著者: Nguyễn Thị Phương Thúy.
フォーマット: 論文
言語:Vietnamese
タグ: タグ追加
タグなし, このレコードへの初めてのタグを付けませんか!
Thư viện lưu trữ: Thư viện Trường Đại học Đà Lạt
LEADER 00846nam a2200229 4500
001 DLU170182121
005 ##20171128
040 # # |a DLU  |b vie 
041 # # |a vie 
044 # # |a vn 
100 # # |a Nguyễn Thị Phương Thúy. 
245 # # |a Văn học vô sản Nhật Bản qua một số tác phẩm tiêu biểu /  |c Nguyễn Thị Phương Thúy. 
773 # # |t Văn học Việt Nam và Nhật Bản trong bối cảnh toàn cầu hoá : Kỷ yếu hội thảo quốc tế = Vietnamese and Japanese literature in the globalization context  |g 2016, tr. 442-458 
920 # # |a Phòng Sau đại học -- Trung tâm Thông tin - Thư viện Trường Đại học Đà Lạt 
994 # # |a DLU 
900 # # |a True 
911 # # |a Hoàng Thị Huyền 
925 # # |a G 
926 # # |a A 
927 # # |a BB 
980 # # |a Thư viện Trường Đại học Đà Lạt